More stories / (Record no. 2777)

MARC details
000 -LEADER
fixed length control field 00396nam a2200181 4500
001 - CONTROL NUMBER
control field 3429
005 - DATE AND TIME OF LATEST TRANSACTION
control field 20181127171205.0
010 00 - LIBRARY OF CONGRESS CONTROL NUMBER
LC control number
020 00 - INTERNATIONAL STANDARD BOOK NUMBER
International Standard Book Number 8176060550
090 00 - LOCALLY ASSIGNED LC-TYPE CALL NUMBER (OCLC); LOCAL CALL NUMBER (RLIN)
Classification number (OCLC) (R) ; Classification number, CALL (RLIN) (NR) 813.52 H5211m
100 00 - MAIN ENTRY--PERSONAL NAME
Personal name Henry, O.
245 00 - TITLE STATEMENT
Title More stories /
Remainder of title
Statement of responsibility, etc. O Henry.
Medium
250 00 - EDITION STATEMENT
Edition statement
260 00 - PUBLICATION, DISTRIBUTION, ETC.
Place of publication, distribution, etc. Kolkata :
Name of publisher, distributor, etc. Projapoti,
Date of publication, distribution, etc. 2010.
300 00 - PHYSICAL DESCRIPTION
Extent 383 p.
500 00 - GENERAL NOTE
General note
650 00 - SUBJECT ADDED ENTRY--TOPICAL TERM
Topical term or geographic name entry element Henry, O., 1862-1910 --Fiction.
General subdivision
Holdings
Withdrawn status Lost status Source of classification or shelving scheme Damaged status Not for loan Collection code Home library Current library Shelving location Date acquired Serial Enumeration / chronology Inventory number Total Checkouts Full call number Barcode Date last seen Date last checked out Price effective from Koha item type
    Dewey Decimal Classification     Main TEST RTC Library RTC Library Main opac 20/08/2024 5911 1 813.52 HEN 30001580 15/11/2024 20/08/2024 27/11/2018 Main
Royal Thimphu College || All Right Reserved